[Event "56th TCh-DEN Ex 2017-18"]
[Site "Denmark DEN"]
[Date "2018.03.10"]
[Round "8.4"]
[Board "5"]
[White "Pedersen, Nicolai Kvist Brondt"]
[Black "Vinter-Schou, Uffe"]
[Result "0-1"]
[BlackTitle "IM"]
[WhiteElo "2180"]
[BlackElo "2336"]
[WhiteTeam "BMS"]
[BlackTeam "Aarhus/Skolerne"]
[WhiteFideId "1413848"]
[BlackFideId "1400568"]
[EventDate "2017.11.18"]

1. d4 Nf6 2. Nf3 c5 3. d5 g6 4. Nc3 Bg7 5. e4 O-O 6. Be2 d6 7. O-O Na6 8. Bf4
Nc7 9. a4 b6 10. Qd2 Bb7 11. Rfe1 a6 12. Bh6 Qd7 13. Bxg7 Kxg7 14. Bf1 b5 15. b3
b4 16. Nd1 e6 17. dxe6 Qxe6 18. Bd3 Rae8 19. Nb2 Qg4 20. h3 Qh5 21. Qf4 Ne6 22.
Qxd6 Ng5 23. Nxg5 Qxg5 24. f3 Nh5 25. Qh2 Ng3 26. Kf2 Nh5 27. Nc4 Re7 28. Rad1
Qf6 29. Qd6 Qh4+ 30. g3 Qxh3 31. Rh1 Qe6 32. Qxe6 Rxe6 33. Na5 Ba8 34. Bc4 Re7
35. Bd5 Nf6 36. Bxa8 Rxa8 37. Rd6 Rd7 38. Rxd7 Nxd7 39. Rd1 Ra7 40. Rd6 h5 41.
Nc4 Kf8 42. Nb6 Ke8 43. Ke3 Nf8 44. a5 Ne6 45. Na4 Ke7 46. Rd5 Rd7 47. f4 Rxd5
48. exd5 Nc7 49. Nxc5 Kd6 50. Kd4 Nb5+ 51. Kc4 Na3+ 52. Kxb4 Nxc2+ 53. Kc4 Ne3+
54. Kd4 Nf5+ 55. Kc4 Nxg3 56. Nxa6 h4 57. Nc5 h3 58. Nd3 Ne4 59. a6 Kc7 60. d6+
Nxd6+ 61. Kd5 Nf5 62. Nf2 h2 63. Nh1 Ng7 64. Ke5 Nh5 65. b4 Kb6 66. b5 Ka7 67.
Ke4 Nf6+ 68. Ke5 Nh5 69. Ke4 Kb6 70. Ke5 f6+ 71. Ke6 f5 72. Ke5 Ka7 73. Kd4 Nxf4
74. Ke3 Ne6 75. Kf3 Nd4+ 76. Kf4 Nxb5 77. Kg5 Kxa6 78. Kxg6 Nd6 79. Kg5 Kb5 80.
Kf4 Kc4 81. Kg3 Kd3 82. Kxh2 Ne4 83. Kg2 Ke2 84. Kg1 Kf3 85. Kh2 Ke3 86. Kg2 Ke2
87. Kh3 Nf2+ 88. Kg3 Nxh1+ 89. Kf4 Ng3 90. Kxg3 Ke3 91. Kg2 f4 92. Kf1 Kf3 93.
Kg1 Ke2 0-1

[Event "56th TCh-DEN Ex 2017-18"]
[Site "Denmark DEN"]
[Date "2018.03.10"]
[Round "8.4"]
[Board "6"]
[White "Ochsner, Thomas"]
[Black "Nielsen, Thomas Bach2"]
[Result "1-0"]
[WhiteElo "2301"]
[BlackElo "2146"]
[WhiteTeam "Aarhus/Skolerne"]
[BlackTeam "BMS"]
[WhiteFideId "1400711"]
[BlackFideId "1401785"]
[EventDate "2017.11.18"]

1. e4 c6 2. d3 d5 3. Nd2 Nd7 4. Ngf3 Qc7 5. g3 Ngf6 6. Bg2 dxe4 7. dxe4 e5 8.
O-O Be7 9. b3 O-O 10. Bb2 Re8 11. Qe2 a5 12. a4 b6 13. Rfd1 Ba6 14. Qe1 Bb4 15.
Bf1 Bxf1 16. Qxf1 Bc5 17. h3 Rab8 18. Qe2 b5 19. Kg2 Nf8 20. axb5 cxb5 21. c4 b4
22. Nf1 Ng6 23. Ne3 Bxe3 24. Qxe3 Rbd8 25. Qe2 Rxd1 26. Rxd1 Qc6 27. Re1 a4 28.
bxa4 Qxa4 29. Ra1 Qc6 30. Nd2 Rd8 31. Ra5 Qd6 32. Nf3 Re8 33. Nd2 h6 34. c5 Qc7
35. Qb5 Rb8 36. Qa4 Nh5 37. Nc4 f6 38. Nd6 Kh7 39. Nf5 Qb7 40. c6 Qb6 41. Ra7
Rc8 42. Ra6 Qc5 43. Qd1 Qc4 44. Nd6 Nhf4+ 45. gxf4 Nxf4+ 46. Kf3 Qxa6 47. Nxc8
Qxc6 48. Ne7 Qe6 49. Nf5 g6 50. Ng3 h5 51. Ke3 Qxh3 52. Qd8 Qe6 53. Kd2 Qb3 54.
Qc7+ Kh6 55. Qc2 Qf3 56. Ke1 h4 57. Ne2 Ng2+ 58. Kd1 Qxf2 59. Bc1+ g5 60. Qc8
Qe1+ 61. Kc2 Qxe2+ 62. Kb3 Qd3+ 63. Ka4 Qc4 64. Qxc4 1-0

[Event "56th TCh-DEN Ex 2017-18"]
[Site "Denmark DEN"]
[Date "2018.03.10"]
[Round "8.4"]
[Board "7"]
[White "Haubro, Sigfred"]
[Black "Rendboe, John Filip"]
[Result "0-1"]
[BlackTitle "FM"]
[WhiteElo "2160"]
[BlackElo "2127"]
[WhiteTeam "BMS"]
[BlackTeam "Aarhus/Skolerne"]
[WhiteFideId "1405420"]
[BlackFideId "1403664"]
[EventDate "2017.11.18"]

1. Nf3 Nf6 2. b3 g6 3. Bb2 Bg7 4. e3 c5 5. Be2 Nc6 6. O-O O-O 7. d4 cxd4 8. exd4
d5 9. c4 b6 10. Nc3 Bb7 11. a3 Rc8 12. b4 dxc4 13. Bxc4 e6 14. Bb3 Ne7 15. Rb1
Ned5 16. Ne2 Ba6 17. Re1 Ne4 18. Rc1 Bh6 19. Rxc8 Qxc8 20. Ng3 Nd6 21. Ne5 Qc7
22. h4 Nc4 23. Nxc4 Bxc4 24. Bc2 Rc8 25. h5 Qf4 26. Ne4 Rc6 27. g3 Qc7 28. Bb1
f5 29. Nd2 Ne3 30. Qa4 b5 31. Qa5 Qxa5 32. bxa5 Nc2 33. Rc1 Nxa3 34. Bxa3 Bxd2
35. Rd1 Bxa5 36. hxg6 hxg6 37. Bc5 a6 38. g4 Be2 39. Rc1 Bxg4 40. Kg2 Be2 41.
Ba2 Bc4 42. Bxc4 bxc4 43. Rxc4 Bb6 44. Ra4 Bxc5 45. dxc5 e5 46. Rb4 Kg7 47. Rb6
Rxc5 48. Rxa6 Kh6 49. Ra4 e4 50. Ra3 Kg5 51. Rg3+ Kf6 52. Ra3 Ke5 53. Rg3 Rc6
54. Ra3 Kf4 55. Rb3 g5 56. Ra3 Rd6 57. Rb3 Rd3 58. Rb4 Rd2 59. Rb3 Rd3 60. Rb4
g4 61. Ra4 g3 62. fxg3+ Rxg3+ 63. Kf2 Rb3 64. Ra2 Rf3+ 65. Kg2 Kg4 66. Ra4 Rb3
67. Ra2 f4 68. Kf2 e3+ 69. Kg2 Rd3 70. Kf1 Rd2 71. Ra3 Kf3 72. Ra1 Rd1+ 73. Rxd1
e2+ 0-1

[Event "56th TCh-DEN Ex 2017-18"]
[Site "Denmark DEN"]
[Date "2018.03.10"]
[Round "8.4"]
[Board "8"]
[White "Jensen, Jacob Bjerre"]
[Black "Vesterli, Michael E."]
[Result "0-1"]
[WhiteElo "2140"]
[BlackElo "2095"]
[WhiteTeam "Aarhus/Skolerne"]
[BlackTeam "BMS"]
[WhiteFideId "1401513"]
[BlackFideId "1417339"]
[EventDate "2017.11.18"]

1. d4 Nf6 2. c4 g6 3. Nc3 Bg7 4. Nf3 O-O 5. Bg5 d6 6. e3 Nbd7 7. Be2 Re8 8. Qc2
e5 9. O-O c6 10. Rfd1 Qc7 11. dxe5 dxe5 12. Rac1 Nc5 13. b4 Bf5 14. Qb2 Nce4 15.
Nxe4 Nxe4 16. Bh4 c5 17. Nd2 Qb6 18. Nxe4 Bxe4 19. b5 a6 20. Rd2 axb5 21. cxb5
Ra4 22. Bc4 Qa5 23. Qc3 Rxc4 0-1

[Event "56th TCh-DEN Ex 2017-18"]
[Site "Denmark DEN"]
[Date "2018.03.10"]
[Round "8.5"]
[Board "1"]
[White "Hansen, Sune Berg"]
[Black "Matthiesen, Martin"]
[Result "1-0"]
[WhiteTitle "GM"]
[BlackTitle "FM"]
[WhiteElo "2580"]
[BlackElo "2307"]
[WhiteTeam "Hillerod"]
[BlackTeam "SK1968"]
[WhiteFideId "1400266"]
[BlackFideId "1404067"]
[EventDate "2017.11.18"]

1. e4 e5 2. Nf3 Nc6 3. g3 g6 4. Bg2 Bg7 5. c3 d5 6. exd5 Qxd5 7. O-O Qd3 8. Ne1
Qd8 9. b4 Nge7 10. d3 O-O 11. Nd2 h6 12. Bb2 Nf5 13. a4 Nce7 14. Qc2 Rb8 15.
Nef3 g5 16. Rfe1 Ng6 17. Nc4 Re8 18. d4 exd4 19. Rxe8+ Qxe8 20. Nxd4 Nxd4 21.
cxd4 c6 22. d5 cxd5 23. Bxg7 Kxg7 24. Bxd5 Qd8 25. Ne3 Qf6 26. Rd1 Bh3 27. Qc7
Rd8 28. Qxb7 Ne5 29. Bg2 Rxd1+ 30. Nxd1 Bg4 31. Qd5 Nf3+ 32. Kh1 Nd4 33. Ne3 Nf3
34. h3 Qa1+ 35. Qd1 1-0

[Event "56th TCh-DEN Ex 2017-18"]
[Site "Denmark DEN"]
[Date "2018.03.10"]
[Round "8.5"]
[Board "2"]
[White "Rewitz, Poul"]
[Black "Schandorff, Lars"]
[Result "0-1"]
[WhiteTitle "FM"]
[BlackTitle "GM"]
[WhiteElo "2308"]
[BlackElo "2490"]
[WhiteTeam "SK1968"]
[BlackTeam "Hillerod"]
[WhiteFideId "1401033"]
[BlackFideId "1400070"]
[EventDate "2017.11.18"]

1. b3 b6 2. Bb2 Bb7 3. e3 e6 4. Nf3 Nf6 5. Be2 Be7 6. g4 O-O 7. g5 Ne8 8. h4 c5
9. Nc3 Nc6 10. Rg1 d5 11. d4 Nd6 12. a3 Rc8 13. Qd2 c4 14. bxc4 Na5 15. cxd5
Nac4 16. Qc1 Qc7 17. Nd1 Bxd5 18. Ne5 Nxe5 19. dxe5 Nc4 20. f4 Nxb2 21. Qxb2
Qxc2 22. Qxc2 Rxc2 23. Bd3 Rh2 24. Nc3 Bb7 25. Be4 Rc8 26. Bxb7 Rxc3 27. Bg2
Rxe3+ 28. Kf2 Bc5 29. Rgd1 Rxa3+ 30. Kf1 Rxa1 31. Rxa1 Rxh4 32. Rxa7 Rxf4+ 33.
Ke1 Rf5 34. Ra8+ Bf8 0-1

[Event "56th TCh-DEN Ex 2017-18"]
[Site "Denmark DEN"]
[Date "2018.03.10"]
[Round "8.5"]
[Board "3"]
[White "Borge, Nikolaj"]
[Black "Berg, Klaus"]
[Result "1/2-1/2"]
[WhiteTitle "IM"]
[BlackTitle "IM"]
[WhiteElo "2392"]
[BlackElo "2340"]
[WhiteTeam "Hillerod"]
[BlackTeam "SK1968"]
[WhiteFideId "1400312"]
[BlackFideId "1400053"]
[EventDate "2017.11.18"]

1. e4 c6 2. d4 d5 3. e5 Bf5 4. h4 h5 5. Bg5 Qb6 6. Bd3 Bxd3 7. Qxd3 Qxb2 8. e6
Qxa1 9. Qb3 fxe6 10. Nf3 Nd7 11. O-O e5 12. Qxb7 Rb8 13. Qxc6 Kd8 14. dxe5 Qb2
15. e6 Qb5 16. Qxb5 Rxb5 17. exd7 g6 18. Ne5 Bg7 19. Nf7+ Kxd7 20. Nxh8 Bxh8 21.
Nd2 Rb2 22. c4 dxc4 23. Nxc4 Rxa2 24. Rd1+ Ke8 25. Rb1 Ra1 26. Rxa1 Bxa1 27. Be3
a6 28. f3 Kd7 29. Kf2 Kc6 30. Ke2 Bf6 1/2-1/2

[Event "56th TCh-DEN Ex 2017-18"]
[Site "Denmark DEN"]
[Date "2018.03.10"]
[Round "8.5"]
[Board "4"]
[White "Matthiesen, Arne"]
[Black "Larsen, Steen Skovlund"]
[Result "1/2-1/2"]
[WhiteTitle "FM"]
[BlackTitle "FM"]
[WhiteElo "2300"]
[BlackElo "2317"]
[WhiteTeam "SK1968"]
[BlackTeam "Hillerod"]
[WhiteFideId "1403524"]
[BlackFideId "1400703"]
[EventDate "2017.11.18"]

1. d4 Nf6 2. Bg5 Ne4 3. Bf4 c5 4. f3 Qa5+ 5. c3 Nf6 6. Nd2 cxd4 7. Nb3 Qb6 8.
Qxd4 Nc6 9. Qxb6 axb6 10. e4 d5 11. exd5 Nxd5 12. Bd2 e5 13. Ne2 Be6 14. Nec1
Be7 15. Be2 h6 16. O-O O-O 17. Nd3 Rfd8 18. Rfd1 f5 19. Kf1 Bg5 20. Bxg5 hxg5
21. Kf2 Kf7 22. Ne1 Kf6 1/2-1/2

[Event "56th TCh-DEN Ex 2017-18"]
[Site "Denmark DEN"]
[Date "2018.03.10"]
[Round "8.5"]
[Board "5"]
[White "Ostergaard, Jens"]
[Black "Bank, Pelle"]
[Result "1/2-1/2"]
[WhiteTitle "FM"]
[WhiteElo "2220"]
[BlackElo "2283"]
[WhiteTeam "Hillerod"]
[BlackTeam "SK1968"]
[WhiteFideId "1400606"]
[BlackFideId "1402889"]
[EventDate "2017.11.18"]

1. d4 e6 2. c4 b6 3. Nc3 Bb7 4. Nf3 Bb4 5. g3 Nf6 6. Bg2 O-O 7. O-O Re8 8. Qc2
Nc6 9. Rd1 Bf8 10. e4 d5 11. e5 Nb4 12. Qe2 Nd7 13. a3 Na6 14. cxd5 exd5 15. Ng5
h6 16. Bxd5 Bxd5 17. Nxd5 Ndb8 18. Qf3 hxg5 19. Nf6+ gxf6 20. Qxa8 Rxe5 21. Be3
Qd5 22. Qxa7 Re6 23. b4 b5 24. a4 Rb6 25. axb5 Nxb4 26. Qxc7 Rxb5 27. Qc8 Qd7
28. Rac1 Qxc8 29. Rxc8 Nd5 30. Ra1 Nd7 31. h4 N5b6 32. Rd8 gxh4 33. gxh4 Kg7 34.
Ra7 Rd5 35. h5 Be7 36. h6+ Kh7 37. Re8 Bd6 38. Kg2 f5 39. Rd8 Be7 40. Re8 Bd6
41. Rd8 Be7 42. Re8 Bf6 43. Rb7 Bxd4 44. Re7 Bxe3 45. fxe3 Kxh6 46. Rxf7 Kg6 47.
Re7 Kf6 48. Rh7 Ke5 49. Kf3 Rd6 50. Rc7 Rd3 51. Ke2 Rd5 52. Kf3 Kd6 53. Rb7 Kc6
54. Ra7 Rb5 55. Rh6+ Kd5 56. Kf4 Kc5 1/2-1/2

[Event "56th TCh-DEN Ex 2017-18"]
[Site "Denmark DEN"]
[Date "2018.03.10"]
[Round "8.5"]
[Board "6"]
[White "Lindfeldt, Jan Magnus"]
[Black "Jaksland, Tim"]
[Result "0-1"]
[WhiteTitle "FM"]
[BlackTitle "FM"]
[WhiteElo "2263"]
[BlackElo "2168"]
[WhiteTeam "SK1968"]
[BlackTeam "Hillerod"]
[WhiteFideId "1402510"]
[BlackFideId "1401084"]
[EventDate "2017.11.18"]

1. e4 c5 2. Nf3 e6 3. Nc3 a6 4. g3 Nc6 5. Bg2 d6 6. O-O Nf6 7. d4 cxd4 8. Nxd4
Bd7 9. b3 Be7 10. Bb2 Qc7 11. h3 O-O 12. Kh2 Rac8 13. f4 Rfd8 14. Nf3 b5 15. a3
Be8 16. Qe2 Nd7 17. Nd5 exd5 18. exd5 Bf6 19. Bxf6 Nxf6 20. dxc6 Bxc6 21. Nd4
Bxg2 22. Qxg2 Qc5 23. Rfd1 d5 24. Rd3 Re8 25. a4 b4 26. Rad1 Re4 27. R3d2 h5 28.
Nf3 Re3 29. Nd4 Re4 30. Rd3 h4 31. Nf5 Qxc2 32. R1d2 Qc7 33. Nxh4 Rce8 34. Nf3
Re3 35. Ne5 Rxd3 36. Rxd3 Rc8 37. Ng4 Nxg4+ 38. hxg4 Qc1 39. Rd2 d4 40. Qf2 d3
41. Kh3 Rc2 42. Qd4 Qh1+ 0-1

[Event "56th TCh-DEN Ex 2017-18"]
[Site "Denmark DEN"]
[Date "2018.03.10"]
[Round "8.5"]
[Board "7"]
[White "Nordenbaek, Jan"]
[Black "Hansen, Lars"]
[Result "1/2-1/2"]
[WhiteElo "2194"]
[BlackElo "2243"]
[WhiteTeam "Hillerod"]
[BlackTeam "SK1968"]
[WhiteFideId "1401475"]
[BlackFideId "1402528"]
[EventDate "2017.11.18"]

1. e4 e6 2. d4 d5 3. Nd2 Nf6 4. e5 Nfd7 5. Bd3 c5 6. c3 Nc6 7. Ne2 cxd4 8. cxd4
f6 9. exf6 Nxf6 10. Nf3 Bd6 11. O-O O-O 12. Bf4 Nh5 13. Bxd6 Qxd6 14. Rc1 Rxf3
15. gxf3 Bd7 16. Qb3 Rf8 17. Qxb7 Nf4 18. Nxf4 Rxf4 19. Qa8+ Rf8 20. Rxc6 Bxc6
21. Qxa7 Qf4 22. Qc5 Qxf3 23. Qxc6 Qg4+ 24. Kh1 Qf3+ 25. Kg1 Qg4+ 26. Kh1 Qf3+ 1/2-1/2

[Event "56th TCh-DEN Ex 2017-18"]
[Site "Denmark DEN"]
[Date "2018.03.10"]
[Round "8.5"]
[Board "8"]
[White "Heiny, Johannes"]
[Black "Svendsen, Peter Willer"]
[Result "1-0"]
[WhiteTitle "FM"]
[WhiteElo "2245"]
[BlackElo "1988"]
[WhiteTeam "SK1968"]
[BlackTeam "Hillerod"]
[WhiteFideId "1616617"]
[BlackFideId "1405250"]
[EventDate "2017.11.18"]

1. d4 d5 2. c4 e6 3. Nc3 Nf6 4. cxd5 exd5 5. Bg5 Be7 6. e3 O-O 7. Bd3 c6 8. Qc2
Nbd7 9. Nf3 Re8 10. O-O h6 11. Bf4 Nf8 12. h3 Ne6 13. Bh2 Bd6 14. Ne5 a6 15.
Rac1 c5 16. dxc5 Nxc5 17. Nf3 Bxh2+ 18. Kxh2 Nce4 19. Rfd1 Bf5 20. Nd4 Bg6 21.
Nxe4 Nxe4 22. f3 Qd6+ 23. Kg1 Ng3 24. Qc7 Rad8 25. Qxd6 Rxd6 26. Kf2 Nh5 27.
Bxg6 Rxg6 28. g4 Nf6 29. Nf5 Nd7 30. Rc7 1-0

[Event "56th TCh-DEN Ex 2017-18"]
[Site "Denmark DEN"]
[Date "2018.03.11"]
[Round "9.1"]
[Board "1"]
[White "Ochsner, Bjorn Moller"]
[Black "Haubro, Martin"]
[Result "0-1"]
[WhiteTitle "IM"]
[BlackTitle "IM"]
[WhiteElo "2459"]
[BlackElo "2297"]
[WhiteTeam "Nordea Skanderborg"]
[BlackTeam "BMS"]
[WhiteFideId "1416928"]
[BlackFideId "1414291"]
[EventDate "2017.11.18"]

1. e4 e5 2. Nf3 Nc6 3. Bc4 Nf6 4. d3 Be7 5. O-O O-O 6. Re1 d6 7. a4 Na5 8. Ba2
c5 9. Na3 h6 10. c3 Nc6 11. Bd2 Re8 12. Nc2 Bf8 13. Ne3 Be6 14. Bxe6 fxe6 15. h3
d5 16. Qc2 Rc8 17. Ng4 Nxg4 18. hxg4 g5 19. Rad1 Bg7 20. Bc1 Qd7 21. Nd2 Ne7 22.
Nf1 d4 23. Nd2 Rc7 24. Nc4 Rb8 25. Bd2 b6 26. cxd4 cxd4 27. Qb3 b5 28. axb5 Qxb5
29. Qxb5 Rxb5 30. Ra1 Rb3 31. Ba5 Rc5 32. Red1 Nc6 33. Be1 Bf6 34. Kf1 Bd8 35.
Ke2 a5 36. Bd2 Kg7 37. Rdb1 Kf6 38. Ra3 Rb8 39. Rba1 Rcb5 40. Ra4 Rb3 41. Rc1
R3b5 42. Rca1 Rb3 43. f3 R8b7 44. Rc1 Rb8 45. Be1 R3b5 46. Rca1 Rb3 47. Bd2 R8b7
48. Rh1 Kg6 49. Raa1 Rb8 50. g3 R8b5 51. Rh3 Ne7 52. Rh5 Ng8 53. Rhh1 Ne7 54. f4
exf4 55. gxf4 gxf4 56. Bxf4 Ng8 57. Be5 Bf6 58. Bc7 Bg5 59. Rxa5 Rxa5 60. Bxa5
Nf6 61. Bb6 Be3 62. Rb1 Kg5 63. Nxe3 Rxb6 64. Nc4 Rb3 65. Ra1 Nxg4 66. Ra6 e5
67. Rb6 Rxb6 68. Nxb6 Kf6 69. Nd5+ Ke6 70. Kf3 h5 71. Kg3 Kd6 72. b4 Kc6 73.
Ne7+ Kb5 74. Ng6 Kxb4 75. Kh4 Kc3 76. Kxh5 Nf6+ 77. Kg5 Nd7 78. Kf5 Kxd3 79. Ke6
Kxe4 80. Ne7 d3 81. Nd5 d2 82. Nc3+ Kd4 0-1

[Event "56th TCh-DEN Ex 2017-18"]
[Site "Denmark DEN"]
[Date "2018.03.11"]
[Round "9.1"]
[Board "2"]
[White "Rostgaard, Tobias Valentin"]
[Black "Semcesen, Daniel"]
[Result "1/2-1/2"]
[WhiteTitle "FM"]
[BlackTitle "GM"]
[WhiteElo "2335"]
[BlackElo "2483"]
[WhiteTeam "BMS"]
[BlackTeam "Nordea Skanderborg"]
[WhiteFideId "1408801"]
[BlackFideId "1706993"]
[EventDate "2017.11.18"]

1. d4 d5 2. Bf4 Nf6 3. e3 c6 4. Nf3 Bf5 5. Bd3 Bg6 6. Ne5 Bxd3 7. Qxd3 e6 8. Nd2
Nh5 9. Bg3 Bd6 10. f4 Nd7 11. Bf2 Nhf6 12. O-O O-O 13. Bh4 Be7 14. Rf3 g6 15.
Bg5 Kg7 16. Kh1 Ng8 17. Bxe7 Nxe7 18. g4 f6 19. Nxd7 Qxd7 20. Rg1 b6 21. g5 Nf5
22. Rh3 Nd6 23. gxf6+ Rxf6 24. Qe2 c5 25. Qh5 Kg8 26. Qh4 Qg7 27. c3 cxd4 28.
cxd4 Rc8 29. Nf3 Ne4 30. Ng5 Nxg5 31. Qxg5 Rf5 32. Qg2 Rf7 33. Rg3 Qf6 34. Rg5
Rfc7 35. h4 Rc1 36. h5 Kf7 37. Qh3 Rxg1+ 38. Rxg1 Qf5 39. hxg6+ hxg6 40. Qxf5+
exf5 41. Rg2 a5 42. Rd2 Kf6 43. Kg2 Rc1 44. Kf3 b5 45. Rd3 Rc2 46. Rb3 b4 47. a3
Rc4 48. axb4 axb4 49. Kg3 g5 50. fxg5+ Kxg5 51. Kf3 Kg6 52. Kg3 Kg5 53. Kf3 Kg6
54. Kg3 Kg5 55. Kf3 Kg6 56. Kg3 Kg5 57. Kf3 Kg6 1/2-1/2

[Event "56th TCh-DEN Ex 2017-18"]
[Site "Denmark DEN"]
[Date "2018.03.11"]
[Round "9.1"]
[Board "3"]
[White "Pedersen, Nicolai Vesterbaek"]
[Black "Sahl, Bjarke"]
[Result "1/2-1/2"]
[WhiteTitle "IM"]
[BlackTitle "IM"]
[WhiteElo "2392"]
[BlackElo "2333"]
[WhiteTeam "Nordea Skanderborg"]
[BlackTeam "BMS"]
[WhiteFideId "1402340"]
[BlackFideId "1400231"]
[EventDate "2017.11.18"]

1. Nf3 d5 2. g3 c6 3. Bg2 Nf6 4. O-O Bf5 5. d3 h6 6. c4 e6 7. cxd5 exd5 8. Nd4
Bg4 9. h3 Bc8 10. e4 dxe4 11. dxe4 Be7 12. Nc3 O-O 13. Be3 Nbd7 14. f4 Nb6 15.
Bf2 Qe8 16. Qc2 Bd7 17. a4 Rd8 18. a5 Nc8 19. e5 Nd5 20. Nxd5 cxd5 21. f5 Bb4
22. Qb3 Bc5 23. Rae1 b6 24. e6 fxe6 25. Nxe6 Bxf2+ 26. Rxf2 Bxe6 27. Rxe6 Qd7
28. Re5 Kh8 29. Rxd5 Qe7 30. Rxd8 Qxd8 31. a6 Nd6 32. Qd5 Qe7 33. Kh2 Ne8 34.
Qb7 Qc5 35. Rd2 Nd6 36. Qe7 Nxf5 37. Qxc5 bxc5 38. Be4 Nd4 39. Kg2 Re8 40. Bb7
Rd8 41. Rd3 Kg8 42. Kf2 Kf7 43. Rc3 Ne6 44. Ke3 Kf6 45. Rc4 Ke5 46. Re4+ Kf6 47.
Rc4 Ke5 48. Re4+ Kf6 49. h4 Rd6 50. Rc4 Rb6 1/2-1/2

[Event "56th TCh-DEN Ex 2017-18"]
[Site "Denmark DEN"]
[Date "2018.03.11"]
[Round "9.1"]
[Board "4"]
[White "Seegert, Kristian"]
[Black "Bjerre, Jonas Buhl"]
[Result "1/2-1/2"]
[BlackTitle "FM"]
[WhiteElo "2241"]
[BlackElo "2354"]
[WhiteTeam "BMS"]
[BlackTeam "Nordea Skanderborg"]
[WhiteFideId "1405098"]
[BlackFideId "1444948"]
[EventDate "2017.11.18"]

1. e4 c5 2. Nf3 e6 3. d4 cxd4 4. Nxd4 Nc6 5. Nc3 Qc7 6. Be3 a6 7. Bd3 b5 8. Nxc6
Qxc6 9. O-O Bb7 10. a3 Nf6 11. Qe2 Rc8 12. Kh1 h5 13. Bd4 Qd6 14. Ba7 Ra8 15.
Be3 Ng4 16. f4 Nxe3 17. Qxe3 Qc5 18. Qf3 g6 19. Qe2 Bg7 20. e5 d6 21. Ne4 Bxe4
22. Bxe4 Rd8 23. a4 O-O 24. axb5 axb5 25. Ra5 Rb8 26. exd6 Qxd6 27. Rxb5 Rxb5
28. Qxb5 Rb8 29. Qd3 Qxd3 30. Bxd3 Rxb2 1/2-1/2

[Event "56th TCh-DEN Ex 2017-18"]
[Site "Denmark DEN"]
[Date "2018.03.11"]
[Round "9.1"]
[Board "5"]
[White "Hansen, Mads"]
[Black "Pedersen, Nicolai Kvist Brondt"]
[Result "1-0"]
[WhiteTitle "IM"]
[WhiteElo "2387"]
[BlackElo "2180"]
[WhiteTeam "Nordea Skanderborg"]
[BlackTeam "BMS"]
[WhiteFideId "1401610"]
[BlackFideId "1413848"]
[EventDate "2017.11.18"]

1. e4 c6 2. d4 d5 3. exd5 cxd5 4. c4 Nf6 5. Nc3 g6 6. Qb3 Bg7 7. cxd5 O-O 8. Be2
Na6 9. Bf3 e5 10. dxe6 Bxe6 11. Qa4 Nd5 12. Nge2 Nab4 13. O-O Nc6 14. Qd1 Re8
15. Re1 Qd7 16. Be3 Rad8 17. Qd2 Nce7 18. Bg5 f6 19. Bh6 Bxh6 20. Qxh6 Nf5 21.
Qd2 Nh4 22. Be4 Bf7 23. Ng3 f5 24. Bxd5 Bxd5 25. Qg5 Nxg2 26. Rxe8+ Rxe8 27. Nh5
Re1+ 28. Rxe1 Nxe1 29. Nf6+ Kf7 30. Nxd7 Nf3+ 31. Kg2 Nxg5+ 32. Nxd5 Ke6 33.
N5f6 Ke7 34. d5 Nf7 35. Kf3 Nd6 36. Kf4 Nf7 37. h4 b6 38. h5 b5 39. b4 gxh5 40.
Kxf5 h4 41. Kg4 Nh6+ 42. Kxh4 Nf5+ 43. Kg5 Nd4 44. Nc5 Nf3+ 45. Kf4 Ne1 46. Nfe4
Nc2 47. d6+ Kd8 48. Nf6 Nxb4 49. Ne6+ Kc8 50. d7+ 1-0

[Event "56th TCh-DEN Ex 2017-18"]
[Site "Denmark DEN"]
[Date "2018.03.11"]
[Round "9.1"]
[Board "6"]
[White "Nielsen, Thomas Bach2"]
[Black "Andersen, Jackie"]
[Result "0-1"]
[WhiteElo "2146"]
[BlackElo "2388"]
[WhiteTeam "BMS"]
[BlackTeam "Nordea Skanderborg"]
[WhiteFideId "1401785"]
[BlackFideId "1402650"]
[EventDate "2017.11.18"]

1. d4 g6 2. c4 Bg7 3. Nc3 d6 4. e4 Nd7 5. Nf3 e5 6. Bg5 Ngf6 7. d5 h6 8. Be3 O-O
9. h3 Qe7 10. Bd3 Nh5 11. Qd2 Nf4 12. Bxf4 exf4 13. Qxf4 Nc5 14. O-O-O a6 15.
Rhe1 Re8 16. Bc2 b5 17. Nd4 bxc4 18. Nc6 Qg5 19. Qxg5 hxg5 20. Na5 Rb8 21. Nxc4
Bd7 22. Re2 Rb4 23. Nd2 Bb5 24. Re3 Rb8 25. a3 Rd4 26. Nf3 Rxd1+ 27. Kxd1 Bf1
28. b4 Nd7 29. Nxg5 Ne5 30. g4 Nc4 31. Re1 Bxc3 32. Rxf1 Nxa3 33. f4 Rxb4 34.
Rf3 Nb5 35. e5 Rd4+ 36. Rd3 dxe5 37. fxe5 Rxd3+ 38. Bxd3 Bxe5 39. Ne4 Kg7 40.
Nc5 Nc3+ 41. Kc2 Nxd5 42. Nxa6 Kh6 43. Kd2 Kg5 44. Bc4 c6 45. Kd3 Nf4+ 46. Ke4
f6 47. Nb4 Nxh3 48. Nxc6 Nf2+ 49. Kf3 Nxg4 50. Be6 f5 51. Bc8 Bf6 52. Nb4 Ne5+
53. Kg2 Be7 54. Nc2 Bc5 55. Ne1 Kf4 56. Kh3 Bf2 57. Ng2+ Kg5 58. Bb7 f4 59. Be4
f3 60. Bxf3 Nxf3 61. Nf4 Ng1+ 0-1

[Event "56th TCh-DEN Ex 2017-18"]
[Site "Denmark DEN"]
[Date "2018.03.11"]
[Round "9.1"]
[Board "7"]
[White "Boe, Mads"]
[Black "Haubro, Sigfred"]
[Result "1-0"]
[WhiteTitle "FM"]
[WhiteElo "2297"]
[BlackElo "2160"]
[WhiteTeam "Nordea Skanderborg"]
[BlackTeam "BMS"]
[WhiteFideId "1401408"]
[BlackFideId "1405420"]
[EventDate "2017.11.18"]

1. e4 d5 2. exd5 Qxd5 3. Nc3 Qd6 4. g3 Nf6 5. Bg2 c6 6. d4 Bg4 7. Nf3 e6 8. O-O
Be7 9. Bf4 Qd8 10. h3 Bxf3 11. Qxf3 Nbd7 12. Ne2 O-O 13. c4 Re8 14. Rfd1 Nf8 15.
Nc3 Ng6 16. Be3 Qa5 17. a3 Rac8 18. b4 Qc7 19. Rab1 a6 20. Rdc1 Qd7 21. Na4 Rc7
22. Nc5 Qc8 23. Nd3 Bd6 24. Qd1 e5 25. c5 Bf8 26. dxe5 Nd5 27. Bd4 Qd8 28. Bb2
Rd7 29. Qf3 a5 30. Rd1 axb4 31. axb4 b6 32. h4 bxc5 33. h5 Nh8 34. bxc5 g6 35.
Ba1 gxh5 36. Bh3 Rc7 37. Nf4 Ng6 38. Nxh5 Nxe5 39. Qf5 f6 40. Rxd5 cxd5 41.
Nxf6+ 1-0

[Event "56th TCh-DEN Ex 2017-18"]
[Site "Denmark DEN"]
[Date "2018.03.11"]
[Round "9.1"]
[Board "8"]
[White "Vesterli, Michael E."]
[Black "Grove, Peter"]
[Result "1/2-1/2"]
[WhiteElo "2095"]
[BlackElo "2190"]
[WhiteTeam "BMS"]
[BlackTeam "Nordea Skanderborg"]
[WhiteFideId "1417339"]
[BlackFideId "1411101"]
[EventDate "2017.11.18"]

1. d4 Nf6 2. c4 c5 3. d5 b5 4. cxb5 a6 5. bxa6 g6 6. Nc3 Bg7 7. g3 d6 8. Bg2 O-O
9. Nf3 Nbd7 10. O-O Nb6 11. Re1 Bxa6 12. e4 Nc4 13. Qc2 Qa5 14. Nd2 Ne5 15. Nb3
Qb6 16. Rd1 c4 17. Nd4 Nd3 18. Nc6 Ng4 19. Rf1 Rae8 20. Rb1 e6 21. Na4 Qc7 22.
b3 exd5 23. exd5 Ne1 24. Qd2 c3 25. Qf4 Bxf1 26. Bxf1 c2 27. Rb2 Bh6 28. Qxg4
Bxc1 29. Rxc2 Nxc2 30. Qd1 Ne3 31. Qxc1 Nxf1 32. Kxf1 Qd7 33. Kg2 Qf5 34. Nc3 h5
35. h4 Kh7 36. a4 Rc8 37. b4 Rfe8 38. b5 Re4 39. b6 Rc4 40. b7 Re8 41. Qd2 Rxh4
42. gxh4 Qg4+ 43. Kf1 Qh3+ 44. Kg1 Qg4+ 45. Kf1 Qh3+ 1/2-1/2